000 005770000a22002050004500
003 LK-CoMWRAF
005 20240106151035.0
008 230817t2001 ||||| |||| 00| 0 eng d
020 _a8170944864
040 _aLK-CoMWRAF
_dLK-CoMWRAF
_eLK-CoMWRAF
041 _aeng
082 _a58.1046
_bROB
100 _aRobinson, Adam
245 _aBin Laden:
_bbehind the mask of the terrorist
260 _aNew Delhi:
_bVision Books,
_c2001
300 _a256 p. ; 25 cm
650 _aTerrorists- Saudi Arabia- Biography
650 _aTerrorism- Religious aspects- Islam
942 _cBK
999 _c345
_d345